000 00330nam a2200145Ia 4500
005 20251222152044.0
008 251222s9999||||xx |||||||||||||| ||spa||
020 _a8470174630
082 _a823.914/O79
100 _aOsmond, Andrew
245 0 _aSala-din
250 _a1ra.ed.
264 _bEditorial Argos, s.A.
942 _cLIB
999 _c26171
_d26171